[Event "Toronto Spring-A 04"]
[Site "Toronto CAN"]
[Date "2008.04.04"]
[Round "1"]
[White "Peng, David Yu"]
[Black "Sambuev, Bator"]
[Result "0-1"]
[WhiteElo "2230"]
[BlackElo "2494"]
[PlyCount "94"]
[GameId "2160767910351228"]
[EventDate "2008.04.04"]
[EventType "tourn"]
[EventRounds "5"]
[EventCountry "CAN"]
[EventCategory "3"]
[SourceTitle "EXT 2011"]
[Source "ChessBase"]
[SourceDate "2011.11.26"]
[SourceVersion "1"]
[SourceVersionDate "2011.11.26"]
[SourceQuality "1"]

1. d4 f5 2. g3 Nf6 3. Bg2 g6 4. Nf3 Bg7 5. O-O O-O 6. b3 d6 7. Bb2 Qe8 8. c4 c6 9. Nc3 h6 10. Re1 Na6 11. Qc2 Qf7 12. Rad1 g5 13. d5 c5 14. a3 Qh5 15. e4 Ng4 16. h3 f4 17. Ne2 Ne5 18. Nxe5 Bxe5 19. Bxe5 Bxh3 20. Nxf4 gxf4 21. Bxf4 Rxf4 22. gxf4 Qg6 23. f3 Kf7 24. Re2 Rg8 25. e5 Bf5 26. Qd2 Ke8 27. Rde1 Kd8 28. exd6 exd6 29. Re6 Bxe6 30. Rxe6 Qb1+ 31. Qe1 Qxe1+ 32. Rxe1 Nc7 33. Kf2 Rf8 34. Rh1 Rf6 35. Rh4 Ke7 36. Bh3 b5 37. f5 bxc4 38. bxc4 Na8 39. Re4+ Kf7 40. Bg4 Nb6 41. Ke3 Kf8 42. Kd3 Nd7 43. f4 Rf7 44. Bh5 Nf6 45. Bxf7 Nxe4 46. Bh5 Ng3 47. Bg4 Ke7 0-1

[Event "Toronto Spring-A 04"]
[Site "Toronto CAN"]
[Date "2008.04.11"]
[Round "2"]
[White "Peng, David Yu"]
[Black "Noritsyn, Nikolay"]
[Result "1-0"]
[WhiteElo "2230"]
[BlackElo "2364"]
[PlyCount "111"]
[GameId "2160767910351229"]
[EventDate "2008.04.04"]
[EventType "tourn"]
[EventRounds "5"]
[EventCountry "CAN"]
[EventCategory "3"]
[SourceTitle "EXT 2011"]
[Source "ChessBase"]
[SourceDate "2011.11.26"]
[SourceVersion "1"]
[SourceVersionDate "2011.11.26"]
[SourceQuality "1"]

1. e4 c5 2. c3 d5 3. exd5 Qxd5 4. d4 Nf6 5. Nf3 e6 6. Be2 Nc6 7. O-O cxd4 8. cxd4 Be7 9. Nc3 Qd8 10. Be3 O-O 11. Ne5 Bd7 12. Rc1 Nb4 13. a3 Nbd5 14. Bd3 Bc6 15. Bb1 Nxc3 16. Rxc3 Be4 17. Qb3 Bxb1 18. Rxb1 Nd5 19. Rd3 f6 20. Nc4 Rc8 21. Bd2 Qd7 22. g3 b5 23. Ne3 Rfd8 24. Re1 Bf8 25. Nxd5 exd5 26. Rde3 Rc4 27. Qd3 Rdc8 28. b3 Rc2 29. Bb4 Bxb4 30. axb4 Rc1 31. Kg2 Rxe1 32. Rxe1 Re8 33. Qc3 h6 34. h3 Rxe1 35. Qxe1 Qf5 36. g4 Qf4 37. Qe6+ Kf8 38. Qxd5 Ke7 39. Qb7+ Kf8 40. Qa8+ Kf7 41. Qxa7+ Kg6 42. Qc5 Qe4+ 43. Kh2 Qf4+ 44. Kg1 f5 45. Qxf5+ Qxf5 46. gxf5+ Kxf5 47. f3 Kf4 48. Kf2 h5 49. h4 g6 50. Kg2 g5 51. hxg5 Kxg5 52. d5 Kf5 53. f4 Kf6 54. Kg3 Ke7 55. f5 Kd6 56. f6 1-0

[Event "Toronto Spring-A 04"]
[Site "Toronto CAN"]
[Date "2008.04.11"]
[Round "2"]
[White "Sambuev, Bator"]
[Black "Barron, Michael"]
[Result "0-1"]
[WhiteElo "2494"]
[BlackElo "2250"]
[PlyCount "92"]
[GameId "2160767910351230"]
[EventDate "2008.04.04"]
[EventType "tourn"]
[EventRounds "5"]
[EventCountry "CAN"]
[EventCategory "3"]
[SourceTitle "EXT 2011"]
[Source "ChessBase"]
[SourceDate "2011.11.26"]
[SourceVersion "1"]
[SourceVersionDate "2011.11.26"]
[SourceQuality "1"]

1. d4 f5 2. c4 Nf6 3. Nc3 g6 4. g3 Bg7 5. Bg2 O-O 6. Nh3 d6 7. O-O e5 8. c5 Nc6 9. cxd6 cxd6 10. e3 h6 11. Qb3+ Kh7 12. Rd1 Qe7 13. Qa3 Rf7 14. Nb5 Bf8 15. d5 Nd8 16. f4 Qd7 17. Qb3 a6 18. Nc3 b5 19. a4 Rb8 20. axb5 axb5 21. Qb4 Qe8 22. Bf1 Rfb7 23. Ra5 Bd7 24. e4 exf4 25. Bxf4 Nf7 26. Nf2 g5 27. Bc1 Ne5 28. exf5 Bxf5 29. Bg2 Qh5 30. Rf1 Bg7 31. Nfe4 Nd3 32. Qd4 Ng4 33. Qxg7+ Kxg7 34. h3 Bxe4 35. hxg4 Bxg2 36. gxh5 Bxf1 37. Be3 Bh3 38. Ne4 Re7 39. Bd4+ Kg8 40. Nxd6 Rf8 41. Ra1 g4 42. Nxb5 Re1+ 43. Rxe1 Nxe1 44. Bf2 Nd3 45. Be3 Rf1+ 46. Kh2 Nf2 0-1

[Event "Toronto Spring-A 04"]
[Site "Toronto CAN"]
[Date "2008.04.18"]
[Round "3"]
[White "Barron, Michael"]
[Black "Thavandiran, Shiyam"]
[Result "1/2-1/2"]
[WhiteElo "2250"]
[BlackElo "2296"]
[PlyCount "92"]
[GameId "2160767910351231"]
[EventDate "2008.04.04"]
[EventType "tourn"]
[EventRounds "5"]
[EventCountry "CAN"]
[EventCategory "3"]
[SourceTitle "EXT 2011"]
[Source "ChessBase"]
[SourceDate "2011.11.26"]
[SourceVersion "1"]
[SourceVersionDate "2011.11.26"]
[SourceQuality "1"]

1. e4 c5 2. Nf3 Nc6 3. d4 cxd4 4. Nxd4 e5 5. Nb5 d6 6. c4 Be7 7. N1c3 a6 8. Na3 f5 9. Bd3 f4 10. g3 Nf6 11. gxf4 exf4 12. Bxf4 O-O 13. Bg3 Ng4 14. Be2 Nce5 15. Nd5 Bh4 16. f4 Nxh2 17. Bxh4 Qxh4+ 18. Kd2 Rxf4 19. Nxf4 Qxf4+ 20. Kc3 Qe3+ 21. Bd3 Nhf3 22. Nc2 Qf4 23. Be2 Qxe4 24. Bd3 Nxd3 25. Qxd3 Qxd3+ 26. Kxd3 Bf5+ 27. Kc3 Bxc2 28. Kxc2 Rc8 29. b3 b5 30. Rad1 Rc6 31. Kc3 bxc4 32. b4 g5 33. Rd5 g4 34. Rf5 Rc7 35. Rh6 Rf7 36. Rxf7 Kxf7 37. Rxh7+ Kg6 38. Rh8 Kf5 39. Kxc4 g3 40. Rh3 Kf4 41. Rxg3 Kxg3 42. a4 Kf4 43. Kd5 Ne5 44. Kxd6 Ke4 45. b5 axb5 46. axb5 Nc4+ 1/2-1/2

[Event "Toronto Spring-A 04"]
[Site "Toronto CAN"]
[Date "2008.04.18"]
[Round "3"]
[White "Noritsyn, Nikolay"]
[Black "Sambuev, Bator"]
[Result "0-1"]
[WhiteElo "2364"]
[BlackElo "2494"]
[PlyCount "82"]
[GameId "2160767910351232"]
[EventDate "2008.04.04"]
[EventType "tourn"]
[EventRounds "5"]
[EventCountry "CAN"]
[EventCategory "3"]
[SourceTitle "EXT 2011"]
[Source "ChessBase"]
[SourceDate "2011.11.26"]
[SourceVersion "1"]
[SourceVersionDate "2011.11.26"]
[SourceQuality "1"]

1. d4 d5 2. c4 c6 3. Nf3 e6 4. Qc2 dxc4 5. Qxc4 Nf6 6. g3 b5 7. Qc2 Bb7 8. Bg2 Nbd7 9. Bg5 c5 10. dxc5 Bxc5 11. O-O Rc8 12. Qb3 a6 13. a4 Bd5 14. Qd3 Bc4 15. Qd1 bxa4 16. Nc3 Bb4 17. Nxa4 O-O 18. Nd4 Ne5 19. Rc1 h6 20. Bxf6 Qxf6 21. Nb6 Rcd8 22. Nxc4 Rxd4 23. Qb3 a5 24. Nxe5 Qxe5 25. Rc2 Rfd8 26. Bf3 Qf5 27. Kg2 e5 28. e3 Rd2 29. Rxd2 Rxd2 30. Qc4 Rxb2 31. Rd1 g6 32. Rd8+ Kg7 33. Rc8 Be1 34. Qc5 Rxf2+ 35. Kg1 Qxf3 36. Qf8+ Kf6 37. Qd8+ Kf5 38. e4+ Qxe4 39. Qd7+ Kg5 40. h4+ Kh5 41. Qh3 Qg4 0-1

[Event "Toronto Spring-A 04"]
[Site "Toronto CAN"]
[Date "2008.04.25"]
[Round "4"]
[White "Sambuev, Bator"]
[Black "Thavandiran, Shiyam"]
[Result "1-0"]
[WhiteElo "2494"]
[BlackElo "2296"]
[PlyCount "129"]
[GameId "2160767910351233"]
[EventDate "2008.04.04"]
[EventType "tourn"]
[EventRounds "5"]
[EventCountry "CAN"]
[EventCategory "3"]
[SourceTitle "EXT 2011"]
[Source "ChessBase"]
[SourceDate "2011.11.26"]
[SourceVersion "1"]
[SourceVersionDate "2011.11.26"]
[SourceQuality "1"]

1. Nf3 d5 2. c4 d4 3. g3 g6 4. Bg2 Bg7 5. O-O e5 6. d3 c5 7. b4 cxb4 8. a3 b3 9. a4 Nc6 10. Ba3 Bf8 11. Bxf8 Kxf8 12. Qxb3 f6 13. a5 Nge7 14. Qa3 Kg7 15. Nbd2 Bf5 16. Rfb1 Qc7 17. a6 bxa6 18. Nh4 Rab8 19. Nxf5+ gxf5 20. Qxa6 Rxb1+ 21. Rxb1 Rb8 22. Rxb8 Nxb8 23. Qb5 Nbc6 24. c5 a6 25. Qxa6 Qa5 26. Qxa5 Nxa5 27. e3 Nec6 28. Kf1 Kf7 29. Bh3 Ne7 30. Ke2 Kg6 31. exd4 exd4 32. Nf3 Nb3 33. Nh4+ Kg7 34. Nxf5+ Nxf5 35. Bxf5 Nxc5 36. g4 h6 37. f4 Kf7 38. Kf3 Ke7 39. h4 Kf7 40. g5 Kg7 41. Kg4 Nb7 42. Kh5 hxg5 43. fxg5 Nd6 44. Kg4 Kf7 45. Kf4 Kg7 46. Be6 Kg6 47. Bb3 Kg7 48. Bd5 Ne8 49. Kf5 fxg5 50. hxg5 Nc7 51. Be4 Na6 52. Ke5 Nc5 53. Bf5 Nb3 54. Kd5 Kf7 55. Be4 Ke7 56. Kc4 Na1 57. Kxd4 Nc2+ 58. Kc5 Na1 59. Kc4 Nc2 60. d4 Ne3+ 61. Kd3 Nd1 62. Bf5 Kd6 63. g6 Ke7 64. d5 Nb2+ 65. Kd4 1-0

[Event "Toronto Spring-A 04"]
[Site "Toronto CAN"]
[Date "2008.05.02"]
[Round "5"]
[White "Barron, Michael"]
[Black "Noritsyn, Nikolay"]
[Result "1/2-1/2"]
[WhiteElo "2250"]
[BlackElo "2364"]
[PlyCount "133"]
[GameId "2160767910351234"]
[EventDate "2008.04.04"]
[EventType "tourn"]
[EventRounds "5"]
[EventCountry "CAN"]
[EventCategory "3"]
[SourceTitle "EXT 2011"]
[Source "ChessBase"]
[SourceDate "2011.11.26"]
[SourceVersion "1"]
[SourceVersionDate "2011.11.26"]
[SourceQuality "1"]

1. e4 c5 2. Nf3 Nc6 3. d4 cxd4 4. Nxd4 g6 5. c4 Bg7 6. Be3 Nf6 7. Nc3 Ng4 8. Qxg4 Nxd4 9. O-O-O Nc6 10. Qh4 d6 11. Nd5 Be6 12. c5 Qa5 13. Bc4 Bxd5 14. Rxd5 Qb4 15. Bb3 Na5 16. cxd6 Nxb3+ 17. axb3 exd6 18. Rd3 O-O 19. Bd2 Qb5 20. Qg3 Rac8+ 21. Kb1 Qc6 22. Bc3 Bxc3 23. bxc3 Qxe4 24. Qf3 Qe6 25. Kb2 Rc5 26. Re3 Qc8 27. Rd1 Rf5 28. Qe2 Qc6 29. f3 a5 30. Rd4 b5 31. Qd3 Rd8 32. Qe4 d5 33. Qe7 Rc8 34. Qa7 b4 35. c4 dxc4 36. Rxc4 Qf6+ 37. Qd4 Rxc4 38. Qxf6 Rxf6 39. bxc4 Rf5 40. Kb3 Kf8 41. Re4 Rc5 42. Re2 h5 43. h4 Kg7 44. Re4 g5 45. hxg5 Rxg5 46. g4 h4 47. Re2 f5 48. Re5 Kf6 49. Rxa5 fxg4 50. Ra6+ Kg7 51. fxg4 h3 52. Ra2 Rxg4 53. Rh2 Rh4 54. Kxb4 Kf6 55. Kb5 Ke7 56. c5 Kd7 57. Kb6 Rb4+ 58. Ka5 Rb3 59. Ka4 Rg3 60. Kb5 Kc7 61. Ra2 Rb3+ 62. Kc4 Rg3 63. Ra7+ Kb8 64. Rh7 Kc8 65. Kb5 Rg6 66. Rxh3 Rf6 67. c6 1/2-1/2

[Event "Toronto Spring-A 04"]
[Site "Toronto CAN"]
[Date "2008.05.02"]
[Round "5"]
[White "Ochkoos, Jura"]
[Black "Sambuev, Bator"]
[Result "0-1"]
[WhiteElo "2250"]
[BlackElo "2494"]
[PlyCount "60"]
[GameId "2160767910351235"]
[EventDate "2008.04.04"]
[EventType "tourn"]
[EventRounds "5"]
[EventCountry "CAN"]
[EventCategory "3"]
[SourceTitle "EXT 2011"]
[Source "ChessBase"]
[SourceDate "2011.11.26"]
[SourceVersion "1"]
[SourceVersionDate "2011.11.26"]
[SourceQuality "1"]

1. e4 e6 2. d4 d5 3. Nc3 Bb4 4. e5 c5 5. a3 Ba5 6. b4 cxd4 7. Nb5 Bc7 8. f4 Ne7 9. Nf3 Bd7 10. Nbxd4 Nbc6 11. Bb2 a5 12. b5 Nxd4 13. Nxd4 a4 14. Bd3 Ba5+ 15. c3 Rc8 16. Qxa4 Bxc3+ 17. Bxc3 Rxc3 18. Kd2 Rc8 19. Qb4 O-O 20. a4 Ng6 21. g3 f6 22. Nf3 Nxe5 23. fxe5 fxe5 24. Be2 e4 25. Nd4 e5 26. Nb3 Qg5+ 27. Kd1 Bg4 28. Rc1 Bxe2+ 29. Kxe2 Qg4+ 30. Ke1 Qf3 0-1

[Event "Toronto Spring-A 04"]
[Site "Toronto CAN"]
[Date "2008.05.02"]
[Round "5"]
[White "Thavandiran, Shiyam"]
[Black "Peng, David Yu"]
[Result "1-0"]
[WhiteElo "2296"]
[BlackElo "2230"]
[PlyCount "85"]
[GameId "2160767910351236"]
[EventDate "2008.04.04"]
[EventType "tourn"]
[EventRounds "5"]
[EventCountry "CAN"]
[EventCategory "3"]
[SourceTitle "EXT 2011"]
[Source "ChessBase"]
[SourceDate "2011.11.26"]
[SourceVersion "1"]
[SourceVersionDate "2011.11.26"]
[SourceQuality "1"]

1. e4 e5 2. Nf3 Nc6 3. Bb5 a6 4. Ba4 Nf6 5. O-O Nxe4 6. d4 b5 7. Bb3 d5 8. dxe5 Be6 9. Nbd2 Nc5 10. c3 d4 11. Bxe6 Nxe6 12. cxd4 Ncxd4 13. Ne4 Be7 14. Be3 Nf5 15. Qc2 O-O 16. Rfd1 Nxe3 17. fxe3 Qc8 18. Nd4 c5 19. Nf5 Qc7 20. Nc3 Qa7 21. a4 b4 22. Nd5 Bd8 23. Rf1 Qb8 24. Nd6 Ra7 25. Rf3 f6 26. Qc4 Kh8 27. Raf1 Ng5 28. R3f2 Be7 29. Nxe7 Rxe7 30. exf6 gxf6 31. Qxc5 Re6 32. Qxg5 Qxd6 33. Qh6 f5 34. Qh5 Rg6 35. Rxf5 Rfg8 36. Qh3 Qc6 37. g3 Qe6 38. R1f3 Qe4 39. Rf7 Rd6 40. Qf1 Qc2 41. Rf2 Qxa4 42. Rd2 Rh6 43. Qf4 1-0

[Event "Toronto Spring-B 04"]
[Site "Toronto CAN"]
[Date "2008.04.02"]
[Round "1"]
[White "Cooke, Mathew G"]
[Black "Villalobos, Oscar"]
[Result "0-1"]
[WhiteElo "1837"]
[BlackElo "1791"]
[PlyCount "55"]
[GameId "2160767910351295"]
[EventDate "2008.04.02"]
[EventType "tourn"]
[EventRounds "7"]
[EventCountry "CAN"]
[SourceTitle "EXT 2011"]
[Source "ChessBase"]
[SourceDate "2011.11.26"]
[SourceVersion "1"]
[SourceVersionDate "2011.11.26"]
[SourceQuality "1"]

1. d4 Nf6 2. Nf3 g6 3. g3 Bg7 4. Bg2 d6 5. Nbd2 Nc6 6. c4 e5 7. d5 Ne7 8. e4 Nd7 9. b4 a5 10. bxa5 Nc5 11. Bb2 Nd3+ 12. Ke2 Nxb2 13. Qb3 Nxc4 14. Nxc4 O-O 15. Rhc1 f5 16. Ncxe5 fxe4 17. Nc6 bxc6 18. dxc6+ d5 19. Nd2 Ba6+ 20. Ke1 Rb8 21. Qe3 Nf5 22. Qa7 Bd3 23. Nb3 Qf6 24. Qc5 Rb5 25. Qa7 Rxb3 26. axb3 Nd4 27. Ra2 Nxb3 28. Rcc2 0-1

[Event "Toronto Spring-B 04"]
[Site "Toronto CAN"]
[Date "2008.04.02"]
[Round "1"]
[White "Ferreira, Alex"]
[Black "Shah, Omar"]
[Result "1-0"]
[WhiteElo "2016"]
[BlackElo "1904"]
[PlyCount "71"]
[GameId "2160767910351296"]
[EventDate "2008.04.02"]
[EventType "tourn"]
[EventRounds "7"]
[EventCountry "CAN"]
[SourceTitle "EXT 2011"]
[Source "ChessBase"]
[SourceDate "2011.11.26"]
[SourceVersion "1"]
[SourceVersionDate "2011.11.26"]
[SourceQuality "1"]

1. Nf3 Nf6 2. c4 c5 3. Na3 e6 4. g3 b6 5. Bg2 Bb7 6. d3 Be7 7. O-O O-O 8. Rb1 d6 9. Nc2 Nbd7 10. a3 Qc7 11. Bf4 e5 12. Bg5 d5 13. cxd5 Bxd5 14. Ne3 Bb7 15. Nf5 Bd8 16. b4 e4 17. Bf4 exf3 18. Bxf3 Ne5 19. Bxb7 Qxb7 20. Bxe5 Qd5 21. f4 cxb4 22. axb4 Re8 23. e4 Rxe5 24. exd5 Rxf5 25. Re1 h5 26. Re5 Rxe5 27. fxe5 Ng4 28. d4 Bg5 29. h3 Be3+ 30. Kg2 Nf2 31. Qc2 Bxd4 32. d6 Bxe5 33. d7 Rd8 34. Kxf2 Kf8 35. Re1 f6 36. Qf5 1-0

[Event "Toronto Spring-B 04"]
[Site "Toronto CAN"]
[Date "2008.04.02"]
[Round "1"]
[White "Moran-Venegas, Mario"]
[Black "Armstrong, Robert J"]
[Result "0-1"]
[WhiteElo "1709"]
[BlackElo "1834"]
[PlyCount "102"]
[GameId "2160767910351297"]
[EventDate "2008.04.02"]
[EventType "tourn"]
[EventRounds "7"]
[EventCountry "CAN"]
[SourceTitle "EXT 2011"]
[Source "ChessBase"]
[SourceDate "2011.11.26"]
[SourceVersion "1"]
[SourceVersionDate "2011.11.26"]
[SourceQuality "1"]

1. d4 g6 2. e4 Bg7 3. c4 d6 4. Nc3 Nf6 5. f3 O-O 6. Be3 Nc6 7. Bd3 e5 8. Nge2 Nh5 9. d5 Nd4 10. Qd2 f5 11. O-O-O f4 12. Bf2 c5 13. Kb1 a6 14. Rdf1 Qa5 15. Qc1 Bd7 16. Be1 Qc7 17. Nxd4 exd4 18. Ne2 b5 19. g4 fxg3 20. hxg3 Rfb8 21. g4 bxc4 22. Bxc4 Nf6 23. Nf4 Qb6 24. Nd3 Bb5 25. Bd2 a5 26. Bh6 Qa6 27. Bxb5 Qxb5 28. Rd1 Ra7 29. Bxg7 Rxg7 30. Nf4 Rgb7 31. Rh2 a4 32. Ne6 a3 33. b3 d3 34. Qc3 Ne8 35. Rxd3 c4 36. Nd4 Qa4 37. Re3 cxb3 38. Nxb3 Rc7 39. Qd3 Rbc8 40. Rhe2 Qb4 41. Qd2 Qb5 42. Re1 Rc4 43. Qa5 Qxa5 44. Nxa5 Rc2 45. R3e2 R2c3 46. Rf2 Rb8+ 47. Nb3 Nc7 48. Rc1 Nb5 49. Rcc2 Rd3 50. Rc6 Nd4 51. Rxd6 Rd1# 0-1

[Event "Toronto Spring-B 04"]
[Site "Toronto CAN"]
[Date "2008.04.02"]
[Round "1"]
[White "Muir, Tom"]
[Black "Chapin, Sam"]
[Result "0-1"]
[WhiteElo "1687"]
[BlackElo "1779"]
[PlyCount "68"]
[GameId "2160767910351298"]
[EventDate "2008.04.02"]
[EventType "tourn"]
[EventRounds "7"]
[EventCountry "CAN"]
[SourceTitle "EXT 2011"]
[Source "ChessBase"]
[SourceDate "2011.11.26"]
[SourceVersion "1"]
[SourceVersionDate "2011.11.26"]
[SourceQuality "1"]

1. d4 g6 2. c4 Bg7 3. e4 d6 4. Nc3 Nc6 5. Be3 e5 6. d5 Nce7 7. Bd3 h5 8. Nge2 Nh6 9. f3 f5 10. Rc1 f4 11. Bf2 g5 12. c5 O-O 13. cxd6 cxd6 14. h3 a6 15. Qa4 Ng6 16. Qa3 Qe7 17. Nb5 axb5 18. Qxa8 Bxh3 19. Qa5 Bxg2 20. Rg1 Bxf3 21. Rc7 Qf6 22. Qxb5 Bxe2 23. Kxe2 f3+ 24. Kf1 g4 25. Qxb7 Rf7 26. Rxf7 Nxf7 27. Qc8+ Nf8 28. a4 Qf4 29. Qc2 Ng5 30. a5 Nh3 31. Bg3 Qe3 32. Rh1 f2 33. Qe2 Qxg3 34. Rxh3 Qg1# 0-1

[Event "Toronto Spring-B 04"]
[Site "Toronto CAN"]
[Date "2008.04.09"]
[Round "2"]
[White "Armstrong, Robert J"]
[Black "Cooke, Mathew G"]
[Result "1-0"]
[WhiteElo "1834"]
[BlackElo "1837"]
[PlyCount "51"]
[GameId "2160767910351299"]
[EventDate "2008.04.02"]
[EventType "tourn"]
[EventRounds "7"]
[EventCountry "CAN"]
[SourceTitle "EXT 2011"]
[Source "ChessBase"]
[SourceDate "2011.11.26"]
[SourceVersion "1"]
[SourceVersionDate "2011.11.26"]
[SourceQuality "1"]

1. d4 Nf6 2. c4 d5 3. e3 e6 4. Nf3 Be7 5. Bd3 O-O 6. O-O c5 7. Nc3 cxd4 8. exd4 dxc4 9. Bxc4 Qc7 10. Bd3 a6 11. Qc2 Nc6 12. a3 Rd8 13. Be3 b5 14. Rac1 Bb7 15. Ne4 h6 16. Qd2 Ng4 17. Bf4 Qb6 18. h3 e5 19. Bg3 Nxd4 20. hxg4 Bxe4 21. Nxe5 Nb3 22. Qf4 Bxd3 23. Qxf7+ Kh7 24. Rc6 Qb7 25. Bf4 Rf8 26. Rxh6# 1-0

[Event "Toronto Spring-B 04"]
[Site "Toronto CAN"]
[Date "2008.04.09"]
[Round "2"]
[White "Chapin, Sam"]
[Black "Shah, Omar"]
[Result "0-1"]
[WhiteElo "1779"]
[BlackElo "1904"]
[PlyCount "52"]
[GameId "2160767910351300"]
[EventDate "2008.04.02"]
[EventType "tourn"]
[EventRounds "7"]
[EventCountry "CAN"]
[SourceTitle "EXT 2011"]
[Source "ChessBase"]
[SourceDate "2011.11.26"]
[SourceVersion "1"]
[SourceVersionDate "2011.11.26"]
[SourceQuality "1"]

1. c4 c5 2. g3 Nf6 3. Bg2 e6 4. Nc3 Be7 5. Nf3 O-O 6. O-O d6 7. d4 cxd4 8. Nxd4 a6 9. Qc2 Qc7 10. Qd3 Bd7 11. b3 Nc6 12. Nxc6 Bxc6 13. e4 Rac8 14. Bb2 Rfd8 15. Qe2 Bf8 16. Rac1 Qb8 17. f4 d5 18. cxd5 exd5 19. exd5 Nxd5 20. Nxd5 Bxd5 21. Rxc8 Qxc8 22. Rc1 Qd7 23. Rd1 Bc5+ 24. Kh1 Bxg2+ 25. Kxg2 Qxd1 26. Qe5 Qd5+ 0-1

[Event "Toronto Spring-B 04"]
[Site "Toronto CAN"]
[Date "2008.04.09"]
[Round "2"]
[White "Muir, Tom"]
[Black "Moran-Venegas, Mario"]
[Result "0-1"]
[WhiteElo "1687"]
[BlackElo "1709"]
[PlyCount "98"]
[GameId "2160767910351301"]
[EventDate "2008.04.02"]
[EventType "tourn"]
[EventRounds "7"]
[EventCountry "CAN"]
[SourceTitle "EXT 2011"]
[Source "ChessBase"]
[SourceDate "2011.11.26"]
[SourceVersion "1"]
[SourceVersionDate "2011.11.26"]
[SourceQuality "1"]

1. d4 Nf6 2. c4 g6 3. Nc3 d5 4. e3 Bg7 5. cxd5 Nxd5 6. Bc4 Nxc3 7. bxc3 c5 8. Qf3 O-O 9. Ne2 Nc6 10. Bb2 cxd4 11. cxd4 Na5 12. Bd3 Bd7 13. O-O Rc8 14. Rfc1 Bc6 15. Be4 Bxe4 16. Qxe4 Qd7 17. Bc3 Nc4 18. Qd3 Rfd8 19. e4 e6 20. Rd1 b6 21. Qc2 Na3 22. Qd2 Nb5 23. Bb2 Rc4 24. e5 Bxe5 25. Qd3 Rcc8 26. a4 Nc7 27. Qe3 Bg7 28. Nf4 Nd5 29. Nxd5 Qxd5 30. Rac1 Rxc1 31. Rxc1 Bxd4 32. Bxd4 Qxd4 33. Qb3 Qd2 34. Rf1 Rc8 35. g3 Rc1 36. Qf3 Rxf1+ 37. Kxf1 Qd5 38. Qc3 Qd1+ 39. Kg2 Qxa4 40. Qc8+ Kg7 41. Qc3+ Kf8 42. Qh8+ Ke7 43. Qxh7 Qe4+ 44. Kg1 a5 45. h4 Qe5 46. f4 Qd4+ 47. Kg2 a4 48. h5 Qd5+ 49. Kh3 Qxh5+ 0-1

[Event "Toronto Spring-B 04"]
[Site "Toronto CAN"]
[Date "2008.04.16"]
[Round "3"]
[White "Ferreira, Alex"]
[Black "Armstrong, Robert J"]
[Result "1/2-1/2"]
[WhiteElo "2016"]
[BlackElo "1834"]
[PlyCount "75"]
[GameId "2160767910351302"]
[EventDate "2008.04.02"]
[EventType "tourn"]
[EventRounds "7"]
[EventCountry "CAN"]
[SourceTitle "EXT 2011"]
[Source "ChessBase"]
[SourceDate "2011.11.26"]
[SourceVersion "1"]
[SourceVersionDate "2011.11.26"]
[SourceQuality "1"]

1. e4 g6 2. Nf3 Bg7 3. Bc4 d6 4. O-O Nf6 5. e5 dxe5 6. Nxe5 O-O 7. d4 Nbd7 8. Qe2 c6 9. c3 e6 10. Na3 Nxe5 11. dxe5 Nd5 12. Nc2 b5 13. Bb3 Qb6 14. c4 bxc4 15. Bxc4 a5 16. b3 Ba6 17. Bb2 Rfd8 18. Rad1 Nb4 19. Nxb4 Bxc4 20. Qxc4 axb4 21. Bd4 Qb7 22. Qe2 Rd5 23. f4 Rad8 24. Bc5 Bf8 25. Be3 Qd7 26. Rxd5 cxd5 27. Rc1 Rc8 28. Rxc8 Qxc8 29. Kf1 Qc3 30. Qd2 Qxd2 31. Bxd2 Bc5 32. Ke2 Kf8 33. Kf3 Ke7 34. h3 h5 35. Ke2 f5 36. Kd3 Kd7 37. Kc2 Kc6 38. Kd3 1/2-1/2

[Event "Toronto Spring-B 04"]
[Site "Toronto CAN"]
[Date "2008.04.16"]
[Round "3"]
[White "Moran-Venegas, Mario"]
[Black "Chapin, Sam"]
[Result "1-0"]
[WhiteElo "1709"]
[BlackElo "1779"]
[PlyCount "49"]
[GameId "2160767910351303"]
[EventDate "2008.04.02"]
[EventType "tourn"]
[EventRounds "7"]
[EventCountry "CAN"]
[SourceTitle "EXT 2011"]
[Source "ChessBase"]
[SourceDate "2011.11.26"]
[SourceVersion "1"]
[SourceVersionDate "2011.11.26"]
[SourceQuality "1"]

1. e4 g6 2. d4 Bg7 3. Nc3 d6 4. f4 Nf6 5. Nf3 c6 6. Bd3 O-O 7. Be3 Ng4 8. Bg1 b5 9. h3 Nf6 10. Qd2 Bb7 11. O-O-O Qc7 12. e5 b4 13. Ne4 Nxe4 14. Bxe4 d5 15. Bd3 a5 16. g4 e6 17. h4 Ba6 18. h5 Rc8 19. hxg6 fxg6 20. Qh2 Bxd3 21. Qxh7+ Kf8 22. Rxd3 Qf7 23. Ng5 Qxf4+ 24. Be3 Qxg4 25. Qxg6 1-0

[Event "Toronto Spring-B 04"]
[Site "Toronto CAN"]
[Date "2008.04.16"]
[Round "3"]
[White "Shah, Omar"]
[Black "Villalobos, Oscar"]
[Result "0-1"]
[WhiteElo "1904"]
[BlackElo "1791"]
[PlyCount "57"]
[GameId "2160767910351304"]
[EventDate "2008.04.02"]
[EventType "tourn"]
[EventRounds "7"]
[EventCountry "CAN"]
[SourceTitle "EXT 2011"]
[Source "ChessBase"]
[SourceDate "2011.11.26"]
[SourceVersion "1"]
[SourceVersionDate "2011.11.26"]
[SourceQuality "1"]

1. e4 c5 2. Nf3 d6 3. d4 cxd4 4. Nxd4 Nf6 5. Nc3 a6 6. Be3 Ng4 7. Bg5 h6 8. Bh4 g5 9. Bg3 Bg7 10. Be2 h5 11. Bxg4 hxg4 12. Qd2 Nc6 13. Nxc6 bxc6 14. Rd1 Qa5 15. O-O Rb8 16. b4 Rxb4 17. e5 Bxe5 18. Rde1 Rf4 19. Rxe5 dxe5 20. Bxf4 gxf4 21. Qd3 Rh6 22. Qc4 e4 23. g3 Qh5 24. h4 gxh3 25. Qxe4 h2+ 26. Kh1 Bh3 27. Rb1 Kf8 28. Rb8+ Kg7 29. Qd4+ 0-1

[Event "Toronto Spring-B 04"]
[Site "Toronto CAN"]
[Date "2008.04.23"]
[Round "4"]
[White "Armstrong, Robert J"]
[Black "Shah, Omar"]
[Result "0-1"]
[WhiteElo "1834"]
[BlackElo "1904"]
[PlyCount "50"]
[GameId "2160767910351305"]
[EventDate "2008.04.02"]
[EventType "tourn"]
[EventRounds "7"]
[EventCountry "CAN"]
[SourceTitle "EXT 2011"]
[Source "ChessBase"]
[SourceDate "2011.11.26"]
[SourceVersion "1"]
[SourceVersionDate "2011.11.26"]
[SourceQuality "1"]

1. d4 Nf6 2. c4 g6 3. Nc3 d5 4. e3 c5 5. Nf3 cxd4 6. exd4 Bg7 7. Bd3 O-O 8. O-O Nc6 9. cxd5 Nxd5 10. Bb5 Bg4 11. Bxc6 bxc6 12. Be3 Nxe3 13. fxe3 e5 14. dxe5 Qb6 15. Qe2 Rae8 16. h3 Bxf3 17. Rxf3 Bxe5 18. Kh1 Rb8 19. Nd1 Qc5 20. Rb1 Qa5 21. a3 Rfd8 22. Qf1 Rd7 23. Rf2 Qxa3 24. Qc4 Qa5 25. b4 Rxb4 0-1